Swarm intelligence based approach to detect key influencers and opinion leaders in micro blogs (Record no. 4888)

MARC details
000 -LEADER
fixed length control field 00657nam a22001937a 4500
003 - CONTROL NUMBER IDENTIFIER
control field OSt
005 - DATE AND TIME OF LATEST TRANSACTION
control field 20220107122807.0
008 - FIXED-LENGTH DATA ELEMENTS--GENERAL INFORMATION
fixed length control field 151120b xxu||||| |||| 00| 0 eng d
040 ## - CATALOGING SOURCE
Transcribing agency
100 ## - MAIN ENTRY--PERSONAL NAME
Personal name Prem Sankar C
9 (RLIN) 8096
245 ## - TITLE STATEMENT
Title Swarm intelligence based approach to detect key influencers and opinion leaders in micro blogs
500 ## - GENERAL NOTE
General note Mini Project Report, Mphill CS
502 ## - DISSERTATION NOTE
Degree type Mphill. Computer Science
Name of granting institution 2014-2015
Year degree granted INT
-- Asharaf S
650 ## - SUBJECT ADDED ENTRY--TOPICAL TERM
Topical term or geographic name entry element INFORMATION SYSTEMS
9 (RLIN) 8097
650 ## - SUBJECT ADDED ENTRY--TOPICAL TERM
Topical term or geographic name entry element INFORMATION SYSTEMS APPLICATIONS
9 (RLIN) 8098
650 ## - SUBJECT ADDED ENTRY--TOPICAL TERM
Topical term or geographic name entry element COLLABORATIVE AND SOCIAL COMPUTING SYSTEMS AND TOOLS
9 (RLIN) 8099
650 ## - SUBJECT ADDED ENTRY--TOPICAL TERM
Topical term or geographic name entry element BLOGS
9 (RLIN) 8100
942 ## - ADDED ENTRY ELEMENTS (KOHA)
Source of classification or shelving scheme Dewey Decimal Classification
Koha item type
Holdings
Withdrawn status Lost status Source of classification or shelving scheme Damaged status Not for loan Home library Current library Date acquired Total Checkouts Barcode Date last seen Price effective from Koha item type
    Dewey Decimal Classification     IIITM-K Kerala University of Digital Sciences, Innovation and Technology Knowledge Centre 20/11/2015   R-609 20/11/2015 20/11/2015 Project Reports